| 000 | 00522nam a22001697a 4500 | ||
|---|---|---|---|
| 999 |
_c8653 _d8653 |
||
| 008 | 201209b ||||| |||| 00| 0 eng d | ||
| 040 | _aBMS College of Architecture | ||
| 100 | _aBhandary, Rithvika | ||
| 245 | _aThe new Bangalore turf club | ||
| 300 | _aNA | ||
| 500 | _a1BM12AT059 | ||
| 502 |
_8B,Arch _NBMS College of Architecture, Visvesvaraya Technological University (VTU) _aProject report _d2016 |
||
| 650 | _aClub | ||
| 700 |
_aDakshayini R Patil _eGuide |
||
| 700 |
_aBindumadhava B N _eGuide |
||
| 942 |
_2ddc _cTHE |
||